[Event "Titled Tuesday intern op 14th April"]
[Site "Chess.com INT"]
[Date "2020.04.14"]
[Round "6"]
[White "Belenkaya, Dina"]
[Black "Jefic, Srdjan"]
[Result "1-0"]
[WhiteElo "2297"]
[BlackElo "2292"]
[PlyCount "69"]
[EventDate "2020.04.14"]
[EventType "swiss (blitz)"]
[EventRounds "10"]
[EventCountry "USA"]
[SourceTitle "EXT 2021"]
[Source "ChessBase"]
[SourceDate "2020.10.23"]
[SourceVersion "1"]
[SourceVersionDate "2020.10.23"]
[SourceQuality "1"]

1. e4 d5 2. exd5 Qxd5 3. Nf3 Nf6 4. Be2 c6 5. 0-0 Bf5 6. d4 e6 7. c4 Qd8 8. Nc3 Be7 9. h3 0-0 10. Bf4 Nbd7 11. Qd2 Bg6 12. Rfd1 Re8 13. Nh4 Rc8 14. Nxg6 hxg6 15. a3 c5 16. dxc5 Nxc5 17. Qe3 Qb6 18. b4 Ncd7 19. c5 Nxc5 20. bxc5 Bxc5 21. Qf3 Bxf2+ 22. Qxf2 Qxf2+ 23. Kxf2 Rxc3 24. Bf3 b5 25. Be5 Rc2+ 26. Kg3 Rec8 27. Rab1 a6 28. Bb7 R8c5 29. Bd4 Rg5+ 30. Kh2 Nd5 31. Bxd5 Rxd5 32. Be3 Re5 33. Rd2 Ra2 34. Rxa2 Rxe3 35. Rd1 1-0

[Event "Titled Tuesday intern op 14th April"]
[Site "Chess.com INT"]
[Date "2020.04.14"]
[Round "2"]
[White "Kuzubov, Yuriy"]
[Black "Jefic, Srdjan"]
[Result "1-0"]
[WhiteElo "2643"]
[BlackElo "2292"]
[PlyCount "107"]
[EventDate "2020.04.14"]
[EventType "swiss (blitz)"]
[EventRounds "10"]
[EventCountry "USA"]
[SourceTitle "EXT 2021"]
[Source "ChessBase"]
[SourceDate "2020.10.23"]
[SourceVersion "1"]
[SourceVersionDate "2020.10.23"]
[SourceQuality "1"]

1. d4 d5 2. c4 c6 3. Nf3 Nf6 4. e3 e6 5. Bd3 Be7 6. Nbd2 0-0 7. b3 Nbd7 8. Bb2 b6 9. Qe2 Bb7 10. Ne5 Nxe5 11. dxe5 Nd7 12. 0-0 Rc8 13. Rad1 Qc7 14. f4 Rfd8 15. Nf3 f5 16. cxd5 cxd5 17. Nd4 Nf8 18. g4 g6 19. gxf5 exf5 20. Rf3 Bc5 21. Nxf5 d4 22. Rg3 Ne6 23. Bc4 Bd5 24. Bxd4 Bxd4 25. Nxd4 Bxc4 26. bxc4 Nxd4 27. Rxd4 Rxd4 28. exd4 Qxc4 29. Qxc4+ Rxc4 30. Rd3 Kf7 31. Kf2 Ke6 32. d5+ Kd7 33. Ke3 b5 34. d6 Rc8 35. Ke4 Rc4+ 36. Rd4 Rc1 37. Kd5 Re1 38. Rd2 a5 39. h4 b4 40. h5 a4 41. hxg6 hxg6 42. Rh2 Rd1+ 43. Kc5 b3 44. axb3 axb3 45. Kc4 Ke6 46. Kxb3 Rd4 47. Rf2 g5 48. Kc3 Rd5 49. f5+ Kxe5 50. f6 Rxd6 51. f7 Rc6+ 52. Kd3 Rc8 53. f8Q Rxf8 54. Rxf8 1-0

[Event "Titled Tuesday intern op 1st Jan"]
[Site "Chess.com INT"]
[Date "2019.01.01"]
[Round "10"]
[White "Gordon, David"]
[Black "Jefic, Srdjan"]
[Result "1-0"]
[WhiteElo "2189"]
[BlackElo "2287"]
[PlyCount "153"]
[EventDate "2019.01.01"]
[EventType "swiss (blitz)"]
[EventRounds "10"]
[EventCountry "USA"]
[SourceTitle "EXT 2021"]
[Source "ChessBase"]
[SourceDate "2020.10.23"]
[SourceVersion "1"]
[SourceVersionDate "2020.10.23"]
[SourceQuality "1"]

1. d4 d5 2. Bf4 c6 3. e3 Nf6 4. Nd2 Bf5 5. c4 e6 6. Qb3 Qb6 7. c5 Qxb3 8. axb3 Nbd7 9. b4 a6 10. b5 cxb5 11. Bxb5 Rc8 12. Be2 Be7 13. Ngf3 0-0 14. 0-0 Nh5 15. Bg5 f6 16. Bh4 g5 17. Bg3 Nxg3 18. hxg3 Rc6 19. b4 b5 20. Ra2 Nb8 21. Rfa1 Rc7 22. Nb3 Bg6 23. Na5 Re8 24. Kf1 Bd8 25. Ne1 e5 26. Bd3 exd4 27. Bxg6 hxg6 28. exd4 Re4 29. Nc2 Rce7 30. Re1 Rxe1+ 31. Nxe1 Re4 32. Nc2 g4 33. f3 gxf3 34. gxf3 Re6 35. Ra1 Kf7 36. Re1 Rxe1+ 37. Kxe1 Bxa5 38. bxa5 Nc6 39. Kd2 Ke6 40. Kc3 Nxa5 41. Nb4 Nc4 42. Nxa6 Ne3 43. Nc7+ Kd7 44. Nxb5 Nf1 45. Kd3 Nxg3 46. Nc3 Kc6 47. Ne2 Nf5 48. Nf4 Nh4 49. Ke3 f5 50. Nh3 Kd7 51. f4 Ng2+ 52. Kf2 Nh4 53. Kg3 g5 54. fxg5 Ng6 55. Nf4 Ne7 56. g6 Ke8 57. Kh4 Nc6 58. Ne2 Kf8 59. Kg5 Ne7 60. Nf4 Nc6 61. Ne6+ Ke7 62. g7 Kf7 63. Kxf5 Ne7+ 64. Ke5 Nc6+ 65. Kxd5 Ne7+ 66. Kd6 Nf5+ 67. Ke5 Ne7 68. d5 Ng6+ 69. Kd6 Ne7 70. c6 Nf5+ 71. Ke5 Ne7 72. c7 Ng6+ 73. Kd6 Ne7 74. Nd8+ Ke8 75. Ke6 Ng8 76. d6 Ne7 77. d7# 1-0

[Event "Titled Tuesday intern op 1st Jan"]
[Site "Chess.com INT"]
[Date "2019.01.01"]
[Round "2"]
[White "Jefic, Srdjan"]
[Black "Khachiyan, Melikset"]
[Result "0-1"]
[WhiteElo "2287"]
[BlackElo "2509"]
[PlyCount "72"]
[EventDate "2019.01.01"]
[EventType "swiss (blitz)"]
[EventRounds "10"]
[EventCountry "USA"]
[SourceTitle "EXT 2021"]
[Source "ChessBase"]
[SourceDate "2020.10.23"]
[SourceVersion "1"]
[SourceVersionDate "2020.10.23"]
[SourceQuality "1"]

1. e4 d6 2. Nc3 e5 3. Bc4 Nf6 4. d3 Be7 5. Nge2 0-0 6. 0-0 Be6 7. Bb3 Bxb3 8. axb3 d5 9. exd5 Nxd5 10. Nxd5 Qxd5 11. Nc3 Qc6 12. Qe2 Nd7 13. Be3 Bb4 14. Bd2 f5 15. f4 Rae8 16. fxe5 Nxe5 17. Qf2 Ng4 18. Qf3 Bc5+ 19. Kh1 Qxf3 20. gxf3 Ne3 21. Bxe3 Rxe3 22. Rae1 Rfe8 23. Rxe3 Rxe3 24. Kg2 c6 25. Rf2 Re1 26. Rf1 Re6 27. Rd1 Bd4 28. Rd2 Re1 29. Nd1 Rg1+ 30. Kh3 g5 31. c3 Bf6 32. Ne3 h5 33. Ng2 g4+ 34. fxg4 hxg4+ 35. Kg3 Rf1 36. d4 Rf3# 0-1

[Event "Srpska Republic-chT 1st League"]
[Site "Banja Dvorovi"]
[Date "2018.08.11"]
[Round "8.1"]
[White "Jefic, Srdjan"]
[Black "Ljubinkovic, Miodrag"]
[Result "1-0"]
[WhiteElo "2264"]
[BlackElo "2235"]
[PlyCount "93"]
[EventDate "2018.08.04"]
[EventType "team-tourn"]
[EventRounds "9"]
[EventCountry "BIH"]
[SourceTitle "CBM 186 Extra"]
[Source "ChessBase"]
[SourceDate "2018.08.24"]
[SourceVersion "1"]
[SourceVersionDate "2018.08.24"]
[SourceQuality "1"]
[WhiteTeam "Prijedor Rudar"]
[BlackTeam "Zvornik Drina"]
[WhiteTeamCountry "BIH"]
[BlackTeamCountry "BIH"]

1. e4 c6 2. d4 d5 3. exd5 cxd5 4. c4 Nf6 5. Nc3 e6 6. Nf3 Nc6 7. cxd5 Nxd5 8. Qb3 a6 9. Be2 Be7 10. 0-0 0-0 11. Rd1 b5 12. Nxd5 exd5 13. Ne5 Na5 14. Qf3 Be6 15. Bf4 Bg5 16. Bd3 Bxf4 17. Qxf4 Nc4 18. b3 Nxe5 19. dxe5 Qe7 20. Rac1 Rfc8 21. b4 Rab8 22. h3 g6 23. a3 Kg7 24. Kh2 h6 25. g3 g5 26. Qd4 Kg8 27. f4 gxf4 28. gxf4 Qh4 29. Qe3 Rxc1 30. Rxc1 d4 31. Qf3 Kh8 32. f5 Bd5 33. Qg3 Qxg3+ 34. Kxg3 Kg7 35. Kf4 Kf8 36. Rc2 Ke8 37. Be2 Rd8 38. Bh5 Rd7 39. Rc8+ Rd8 40. Rxd8+ Kxd8 41. Bf3 Bb3 42. f6 d3 43. Ke3 Bc4 44. Be4 Be6 45. h4 Kc7 46. Kxd3 Kb6 47. Kd4 1-0

[Event "Srpska Republic-chT 1st League"]
[Site "Banja Dvorovi"]
[Date "2018.08.10"]
[Round "7.1"]
[White "Gavric, Miladin"]
[Black "Jefic, Srdjan"]
[Result "1/2-1/2"]
[WhiteElo "2368"]
[BlackElo "2264"]
[PlyCount "84"]
[EventDate "2018.08.04"]
[EventType "team-tourn"]
[EventRounds "9"]
[EventCountry "BIH"]
[SourceTitle "CBM 186 Extra"]
[Source "ChessBase"]
[SourceDate "2018.08.24"]
[SourceVersion "1"]
[SourceVersionDate "2018.08.24"]
[SourceQuality "1"]
[WhiteTeam "Derventa"]
[BlackTeam "Prijedor Rudar"]
[WhiteTeamCountry "BIH"]
[BlackTeamCountry "BIH"]

1. e4 d5 2. exd5 Qxd5 3. Nc3 Qd6 4. d4 Nf6 5. Nf3 c6 6. Ne5 Nbd7 7. Bf4 Nd5 8. Nxd5 Qxd5 9. f3 Nxe5 10. dxe5 Qxd1+ 11. Rxd1 Bf5 12. Bd3 Bxd3 13. Rxd3 e6 14. Ke2 Rd8 15. Rhd1 Rxd3 16. Rxd3 Bc5 17. Bg5 Bb6 18. a4 h6 19. Bh4 g5 20. Be1 Bc7 21. Bc3 b6 22. Ke3 Ke7 23. Ke4 Rd8 24. Bb4+ c5 25. Rxd8 Bxd8 26. Bd2 Kd7 27. g4 a6 28. c4 a5 29. b3 Ke8 30. f4 Kf8 31. f5 Kg7 32. Be1 Kh7 33. Kf3 Kg7 34. Kg2 Be7 35. Bc3 Kh7 36. h4 gxh4 37. Kh3 Bd8 38. Be1 Bg5 39. Bxh4 Kg7 40. Bf2 Kf8 41. Kg2 Ke7 42. Kf3 Kd7 1/2-1/2

[Event "Srpska Republic-chT 1st League"]
[Site "Banja Dvorovi"]
[Date "2018.08.07"]
[Round "4.1"]
[White "Jefic, Srdjan"]
[Black "Runic, Zoran"]
[Result "1/2-1/2"]
[WhiteElo "2264"]
[BlackElo "2415"]
[PlyCount "146"]
[EventDate "2018.08.04"]
[EventType "team-tourn"]
[EventRounds "9"]
[EventCountry "BIH"]
[SourceTitle "CBM 186 Extra"]
[Source "ChessBase"]
[SourceDate "2018.08.24"]
[SourceVersion "1"]
[SourceVersionDate "2018.08.24"]
[SourceQuality "1"]
[WhiteTeam "Prijedor Rudar"]
[BlackTeam "Trebinje Leotar"]
[WhiteTeamCountry "BIH"]
[BlackTeamCountry "BIH"]

1. e4 e5 2. Nf3 d6 3. d4 Nd7 4. Bc4 c6 5. Nc3 Be7 6. 0-0 Ngf6 7. a4 0-0 8. Be3 Ng4 9. Bc1 a5 10. h3 exd4 11. Nxd4 Nge5 12. Bb3 Nc5 13. f4 Nxb3 14. Nxb3 Ng6 15. Be3 Re8 16. Qf3 Bf6 17. Bd4 Bxd4+ 18. Nxd4 Qb6 19. Qd3 Ne5 20. fxe5 dxe5 21. Nce2 exd4 22. Nxd4 Be6 23. Qc3 Rad8 24. Rad1 Bc8 25. Rfe1 Re7 26. Kh1 g6 27. Rd3 Rde8 28. Rde3 Qb4 29. Qxb4 axb4 30. Kg1 c5 31. Nf3 Bd7 32. b3 Bc6 33. Nd2 Re5 34. Kf2 Kg7 35. g4 h5 36. gxh5 Rxh5 37. Kg3 Reh8 38. Rh1 Bd7 39. h4 Be6 40. Nf3 Rd8 41. Rh2 c4 42. bxc4 Ra5 43. c3 Rxa4 44. Rb2 Bxc4 45. Rxb4 b5 46. Rb2 Ra3 47. Ne5 Bb3 48. c4 bxc4 49. Nxc4 Bxc4 50. Rxa3 Rd1 51. Rh2 Kh6 52. Kf4 Rf1+ 53. Rf3 Re1 54. Ke5 f5 55. Rf4 Bd3 56. h5 Bxe4 57. hxg6+ Kxg6 58. Rfh4 Bb7+ 59. Kd4 Bf3 60. Rf4 Bg4 61. Rhf2 Kg5 62. Kd3 Re5 63. Kd4 Ra5 64. Kd3 Kh4 65. Kd4 Kg3 66. Kd3 Ra3+ 67. Kd4 Bf3 68. Rxf5 Kxf2 69. Rf8 Ke2 70. Rh8 Kd2 71. Rh2+ Be2 72. Rh8 Ra4+ 73. Kd5 Ke3 1/2-1/2

[Event "Srpska Republic-chT 1st League"]
[Site "Banja Dvorovi"]
[Date "2018.08.06"]
[Round "3.1"]
[White "Sredojevic, Ivan"]
[Black "Jefic, Srdjan"]
[Result "1-0"]
[WhiteElo "2328"]
[BlackElo "2264"]
[PlyCount "71"]
[EventDate "2018.08.04"]
[EventType "team-tourn"]
[EventRounds "9"]
[EventCountry "BIH"]
[SourceTitle "CBM 186 Extra"]
[Source "ChessBase"]
[SourceDate "2018.08.24"]
[SourceVersion "1"]
[SourceVersionDate "2018.08.24"]
[SourceQuality "1"]
[WhiteTeam "Brcko Jedinstvo"]
[BlackTeam "Prijedor Rudar"]
[WhiteTeamCountry "BIH"]
[BlackTeamCountry "BIH"]

1. e4 c5 2. Nf3 e6 3. d4 cxd4 4. Nxd4 a6 5. Nc3 Qc7 6. Bd3 Nc6 7. Be3 Nf6 8. 0-0 Be7 9. Kh1 0-0 10. f4 d6 11. Qf3 e5 12. Nxc6 bxc6 13. fxe5 dxe5 14. Bc4 Kh8 15. Qg3 Nh5 16. Qf2 g6 17. Bh6 Ng7 18. Na4 f5 19. exf5 Bxf5 20. Qe2 Bd7 21. Nb6 Rxf1+ 22. Rxf1 Rf8 23. Nxd7 Rxf1+ 24. Qxf1 Nf5 25. Qe2 Nxh6 26. Qxe5+ Qxe5 27. Nxe5 c5 28. Bxa6 Nf5 29. a4 Ne3 30. Bb7 Nxc2 31. a5 Nd4 32. a6 Nb5 33. Nc6 Bf6 34. b3 Bd4 35. a7 Nxa7 36. Nxa7 1-0

[Event "Titled Tuesday intern op 1st May"]
[Site "Chess.com INT"]
[Date "2018.05.01"]
[Round "5"]
[White "Jefic, Srdjan"]
[Black "Matamoros Franco, Carlos S"]
[Result "0-1"]
[WhiteElo "2264"]
[BlackElo "2488"]
[PlyCount "98"]
[EventDate "2018.05.01"]
[EventType "swiss (blitz)"]
[EventRounds "10"]
[EventCountry "USA"]
[SourceTitle "EXT 2021"]
[Source "ChessBase"]
[SourceDate "2020.10.23"]
[SourceVersion "1"]
[SourceVersionDate "2020.10.23"]
[SourceQuality "1"]

1. e4 e6 2. d3 c5 3. Nc3 Nc6 4. f4 g6 5. Nf3 Bg7 6. g3 Nge7 7. Bg2 0-0 8. 0-0 d6 9. h3 b6 10. g4 f5 11. exf5 gxf5 12. g5 Qd7 13. Ne2 Bb7 14. Ng3 Nd4 15. c3 Nxf3+ 16. Bxf3 Ng6 17. Bd2 Rae8 18. Nh5 e5 19. Bxb7 Qxb7 20. Qf3 Qxf3 21. Rxf3 e4 22. dxe4 fxe4 23. Re3 Nxf4 24. Nxg7 Kxg7 25. Rf1 Kg6 26. c4 Rf5 27. h4 Nh5 28. Rd1 Re6 29. Bc3 Rf4 30. Be1 Ng7 31. Bg3 Rg4 32. Kh2 Nf5 33. Rde1 Nxe3 34. Rxe3 Kf5 35. Kh3 h6 36. gxh6 Rxh6 37. b3 Rhg6 38. Bh2 Rh6 39. Bg3 a6 40. Re2 Rhg6 41. Bh2 b5 42. Rf2+ Ke6 43. Bf4 d5 44. cxd5+ Kxd5 45. h5 Rg8 46. h6 Rg1 47. h7 Rh8 48. Rg2 Rxh7+ 49. Kg3 Rg7+ 0-1

[Event "Titled Tuesday intern op 1st May"]
[Site "Chess.com INT"]
[Date "2018.05.01"]
[Round "10"]
[White "Jefic, Srdjan"]
[Black "Volovich, Vasily"]
[Result "1-0"]
[WhiteElo "2264"]
[BlackElo "2244"]
[PlyCount "101"]
[EventDate "2018.05.01"]
[EventType "swiss (blitz)"]
[EventRounds "10"]
[EventCountry "USA"]
[SourceTitle "EXT 2021"]
[Source "ChessBase"]
[SourceDate "2020.10.23"]
[SourceVersion "1"]
[SourceVersionDate "2020.10.23"]
[SourceQuality "1"]

1. e4 e6 2. d3 d5 3. Qe2 dxe4 4. dxe4 b6 5. c3 Ba6 6. Qc2 Bxf1 7. Kxf1 e5 8. g3 Nc6 9. Kg2 Nf6 10. Nf3 Bd6 11. Bg5 0-0 12. Nbd2 h6 13. Bxf6 Qxf6 14. Nc4 a5 15. Rad1 Bc5 16. Rd5 Qe6 17. Ncxe5 Nxe5 18. Rxe5 Qxa2 19. c4 Rfe8 20. Rd5 a4 21. Rc1 a3 22. bxa3 Qxc2 23. Rxc2 Rxe4 24. Rd7 Re7 25. Rxe7 Bxe7 26. Rc3 Rxa3 27. Rxa3 Bxa3 28. Ne5 Bd6 29. Nd3 Kf8 30. Kf3 c6 31. Ke4 Ke7 32. h3 Ke6 33. g4 g6 34. f3 f5+ 35. Kd4 b5 36. cxb5 cxb5 37. Nc1 b4 38. Nb3 Be5+ 39. Kc4 Bc3 40. Nc5+ Ke5 41. Nd3+ Kf6 42. Nf4 Kg5 43. Ng2 fxg4 44. fxg4 h5 45. gxh5 gxh5 46. Kd3 Kf5 47. Ke3 b3 48. Kd3 b2 49. Kc2 Bd4 50. Kb1 Ke4 51. Kc2 1-0

[Event "Titled Tuesday intern op 1st May"]
[Site "Chess.com INT"]
[Date "2018.05.01"]
[Round "7"]
[White "Radzhabov, Rodion"]
[Black "Jefic, Srdjan"]
[Result "0-1"]
[WhiteElo "2247"]
[BlackElo "2264"]
[PlyCount "66"]
[EventDate "2018.05.01"]
[EventType "swiss (blitz)"]
[EventRounds "10"]
[EventCountry "USA"]
[SourceTitle "EXT 2021"]
[Source "ChessBase"]
[SourceDate "2020.10.23"]
[SourceVersion "1"]
[SourceVersionDate "2020.10.23"]
[SourceQuality "1"]

1. e4 d5 2. exd5 Qxd5 3. Nc3 Qd6 4. d4 Nf6 5. Nf3 c6 6. Be2 Bf5 7. 0-0 e6 8. h3 Be7 9. Bg5 Nbd7 10. Qd2 0-0 11. Bf4 Qb4 12. a3 Qxb2 13. Ra2 Qb6 14. Rb1 Qd8 15. Rxb7 Nb6 16. Ne5 Qe8 17. Bg5 Nfd5 18. Nxd5 Bxg5 19. Qxg5 cxd5 20. a4 h6 21. Qg3 Qc8 22. Ba6 Qd8 23. a5 Nc4 24. Nxc4 dxc4 25. c3 Bd3 26. Rab2 Qxa5 27. Qd6 Rad8 28. Qc6 Rc8 29. Qb5 Qa1+ 30. Kh2 Qc1 31. Qb4 Qf4+ 32. g3 Qf3 33. Rxa7 Be4 0-1

[Event "Titled Tuesday intern op 1st May"]
[Site "Chess.com INT"]
[Date "2018.05.01"]
[Round "4"]
[White "Shtembuliak, Evgeny"]
[Black "Jefic, Srdjan"]
[Result "1-0"]
[WhiteElo "2506"]
[BlackElo "2264"]
[PlyCount "99"]
[EventDate "2018.05.01"]
[EventType "swiss (blitz)"]
[EventRounds "10"]
[EventCountry "USA"]
[SourceTitle "EXT 2021"]
[Source "ChessBase"]
[SourceDate "2020.10.23"]
[SourceVersion "1"]
[SourceVersionDate "2020.10.23"]
[SourceQuality "1"]

1. Nf3 d5 2. g3 Nf6 3. Bg2 c6 4. c4 Bf5 5. 0-0 e6 6. cxd5 exd5 7. d3 Bg6 8. Qb3 Qb6 9. Qc2 Be7 10. Ne5 0-0 11. Nxg6 hxg6 12. e4 dxe4 13. dxe4 Nbd7 14. Nc3 Rfe8 15. Be3 Qa5 16. h3 Bc5 17. Rae1 Bxe3 18. Rxe3 Rad8 19. f4 Qc5 20. Qf2 Nb6 21. Re2 Qxf2+ 22. Kxf2 Rd3 23. e5 Nfd5 24. Ne4 Re7 25. Rc1 Nb4 26. a3 N4d5 27. h4 Na4 28. Rc4 Ndb6 29. Rcc2 Red7 30. Nd6 Nc8 31. Nxb7 Rxb7 32. Bxc6 Rxb2 33. Rxb2 Nxb2 34. Rxb2 Nb6 35. a4 Rc3 36. Bb5 Nd5 37. Rd2 Ne3 38. Rd8+ Kh7 39. Be2 Nf5 40. Rd7 Nxg3 41. Bd3 Nh5 42. Ke3 a5 43. Rxf7 Ng3 44. e6 Rc6 45. e7 Re6+ 46. Kd4 Nh5 47. f5 Rd6+ 48. Kc5 Rxd3 49. fxg6+ Kxg6 50. e8Q 1-0

[Event "Titled Tuesday intern op 1st May"]
[Site "Chess.com INT"]
[Date "2018.05.01"]
[Round "6"]
[White "Sztokbant, Bernardo Vainzoff"]
[Black "Jefic, Srdjan"]
[Result "0-1"]
[WhiteElo "2149"]
[BlackElo "2264"]
[PlyCount "100"]
[EventDate "2018.05.01"]
[EventType "swiss (blitz)"]
[EventRounds "10"]
[EventCountry "USA"]
[SourceTitle "EXT 2021"]
[Source "ChessBase"]
[SourceDate "2020.10.23"]
[SourceVersion "1"]
[SourceVersionDate "2020.10.23"]
[SourceQuality "1"]

1. e4 d5 2. exd5 Qxd5 3. Nc3 Qd6 4. d4 Nf6 5. Nf3 c6 6. Ne5 Nbd7 7. Bf4 Nd5 8. Nxd5 Qxd5 9. Qd3 Nxe5 10. dxe5 Be6 11. Qxd5 Bxd5 12. 0-0-0 0-0-0 13. c4 Be4 14. Rxd8+ Kxd8 15. f3 Bg6 16. e6 fxe6 17. Be2 h5 18. Rd1+ Ke8 19. Bc7 h4 20. Rd8+ Kf7 21. Rb8 b6 22. Rb7 Rh5 23. Rxa7 b5 24. cxb5 cxb5 25. Ra5 Rc5+ 26. Kd2 Rxc7 27. Rxb5 Kf6 28. a4 e5 29. b4 e6 30. Rb6 Rc2+ 31. Ke3 Rb2 32. Bc4 Rxb4 33. Rxe6+ Kf5 34. Rc6 Kg5 35. a5 Ra4 36. a6 Ra5 37. Rc7 Bc5+ 38. Kd2 Kf6 39. Kc3 Be8 40. Rc8 Bd7 41. Rc7 Ke7 42. Rb7 Kd6 43. Rb8 Ra3+ 44. Kb2 Ra4 45. Bb3 Rxa6 46. Rg8 e4 47. fxe4 Bd4+ 48. Kc2 Bf6 49. Rb8 Ke5 50. Rb5+ Bxb5 0-1

[Event "BIH-chT 15th"]
[Site "Bihac"]
[Date "2016.07.23"]
[Round "8.2"]
[White "Jefic, Srdjan"]
[Black "Burovic, Rijad"]
[Result "1/2-1/2"]
[WhiteElo "2249"]
[BlackElo "2310"]
[PlyCount "46"]
[EventDate "2016.07.16"]
[EventType "team-tourn"]
[EventRounds "9"]
[EventCountry "BIH"]
[SourceTitle "CBM 173 Extra"]
[Source "ChessBase"]
[SourceDate "2016.08.29"]
[SourceVersion "1"]
[SourceVersionDate "2016.08.29"]
[SourceQuality "1"]
[WhiteTeam "Srbac"]
[BlackTeam "Sarajevo Napredak"]
[WhiteTeamCountry "BIH"]
[BlackTeamCountry "BIH"]

1. e4 e6 2. d4 d5 3. Nc3 Bb4 4. exd5 exd5 5. Bd3 c6 6. Nge2 Ne7 7. 0-0 Bf5 8. Ng3 Bxd3 9. Qxd3 0-0 10. Nce2 Na6 11. c3 Bd6 12. Bf4 Bxf4 13. Nxf4 Qd6 14. Rfe1 Rae8 15. Qf3 Ng6 16. Nfh5 Qd8 17. Qg4 Nc7 18. f4 Qh4 19. Qd7 Re7 20. Rxe7 Qxe7 21. Qg4 Qh4 22. Qd7 Qe7 23. Qg4 Qh4 1/2-1/2

[Event "BIH-chT 15th"]
[Site "Bihac"]
[Date "2016.07.21"]
[Round "6.3"]
[White "Pestek, Elvis"]
[Black "Jefic, Srdjan"]
[Result "0-1"]
[WhiteElo "2013"]
[BlackElo "2249"]
[PlyCount "98"]
[EventDate "2016.07.16"]
[EventType "team-tourn"]
[EventRounds "9"]
[EventCountry "BIH"]
[SourceTitle "CBM 173 Extra"]
[Source "ChessBase"]
[SourceDate "2016.08.29"]
[SourceVersion "1"]
[SourceVersionDate "2016.08.29"]
[SourceQuality "1"]
[WhiteTeam "Gorazde"]
[BlackTeam "Srbac"]
[WhiteTeamCountry "BIH"]
[BlackTeamCountry "BIH"]

1. e4 c5 2. Nf3 e6 3. d4 cxd4 4. Nxd4 a6 5. Nc3 b5 6. Bd3 Qb6 7. Nb3 Bb7 8. Be3 Qc7 9. Qe2 Nf6 10. f3 Be7 11. Qf2 d6 12. Bb6 Qc8 13. Na5 Nbd7 14. Nxb7 Qxb7 15. Be3 0-0 16. 0-0 Rac8 17. Rfc1 Ne5 18. Kh1 Rc7 19. Ne2 Rfc8 20. h3 Nfd7 21. f4 Nc4 22. Rab1 h6 23. Rf1 Bf6 24. Bc1 Qb6 25. Qxb6 Ncxb6 26. c3 Na4 27. Be3 Rb8 28. Bc2 Nab6 29. Bd4 Nc4 30. Rfd1 Kf8 31. Bb3 Ke7 32. Kg1 Nc5 33. Bxc5 Rxc5 34. Kf2 g5 35. Kf3 gxf4 36. Nxf4 Ne5+ 37. Ke2 b4 38. Rbc1 Bg5 39. g3 Rbc8 40. h4 Bxf4 41. gxf4 Ng6 42. c4 Nxf4+ 43. Kf3 Ng6 44. Ke3 Nxh4 45. Rh1 Ng6 46. Rxh6 Ne5 47. Kd4 Rg8 48. Rh3 Rg2 49. Rd1 Rxb2 0-1

[Event "BIH-chT 15th"]
[Site "Bihac"]
[Date "2016.07.19"]
[Round "4.4"]
[White "Bratic, Ismar"]
[Black "Jefic, Srdjan"]
[Result "1/2-1/2"]
[WhiteElo "2179"]
[BlackElo "2249"]
[PlyCount "77"]
[EventDate "2016.07.16"]
[EventType "team-tourn"]
[EventRounds "9"]
[EventCountry "BIH"]
[SourceTitle "CBM 173 Extra"]
[Source "ChessBase"]
[SourceDate "2016.08.29"]
[SourceVersion "1"]
[SourceVersionDate "2016.08.29"]
[SourceQuality "1"]
[WhiteTeam "Kiseljak"]
[BlackTeam "Srbac"]
[WhiteTeamCountry "BIH"]
[BlackTeamCountry "BIH"]

1. d4 d5 2. c4 c6 3. Nf3 Nf6 4. e3 Bf5 5. Nc3 e6 6. Nh4 Bg6 7. Bd2 Nbd7 8. Nxg6 hxg6 9. g3 Be7 10. Qb3 Qb6 11. c5 Qc7 12. Qc2 e5 13. Bg2 Nf8 14. f4 exd4 15. exd4 Ne6 16. Ne2 Nh5 17. 0-0 Nf6 18. b4 b5 19. a4 bxa4 20. Ra3 0-0 21. Qd3 Rfb8 22. Nc3 Qd7 23. Re1 Nc7 24. Re5 Ng4 25. Re1 f5 26. Rea1 Rb7 27. Bf1 Nf6 28. Qe3 Ne4 29. Nxe4 dxe4 30. Bc4+ Kf8 31. Qc3 Bf6 32. Be3 Ke7 33. Kg2 Nd5 34. Bxd5 Qxd5 35. Kf2 Ke6 36. Ke2 Rab8 37. h4 Rb5 38. Kf1 R5b7 39. Kg2 1/2-1/2

[Event "BIH-chT 15th"]
[Site "Bihac"]
[Date "2016.07.17"]
[Round "2.5"]
[White "Vajic, Goran"]
[Black "Jefic, Srdjan"]
[Result "1-0"]
[WhiteElo "2289"]
[BlackElo "2249"]
[PlyCount "73"]
[EventDate "2016.07.16"]
[EventType "team-tourn"]
[EventRounds "9"]
[EventCountry "BIH"]
[SourceTitle "CBM 173 Extra"]
[Source "ChessBase"]
[SourceDate "2016.08.29"]
[SourceVersion "1"]
[SourceVersionDate "2016.08.29"]
[SourceQuality "1"]
[WhiteTeam "Bihac"]
[BlackTeam "Srbac"]
[WhiteTeamCountry "BIH"]
[BlackTeamCountry "BIH"]

1. e4 c5 2. Nc3 a6 3. f4 Nc6 4. Nf3 d6 5. Bc4 b5 6. Bd5 Qc7 7. 0-0 e6 8. Bxc6+ Qxc6 9. d3 Nf6 10. e5 b4 11. Ne2 Nd5 12. Ng3 Bb7 13. Ne4 0-0-0 14. a3 a5 15. axb4 axb4 16. b3 f5 17. Nxd6+ Bxd6 18. exd6 Qxd6 19. Qe1 Rd7 20. Ne5 Rc7 21. Bb2 Nf6 22. Nc4 Qc6 23. Qe2 Re8 24. Be5 Rd7 25. h3 Nd5 26. Ra5 Nb6 27. Qf2 Rd5 28. Rfa1 Nd7 29. Ra7 Nxe5 30. fxe5 Re7 31. R1a5 Rc7 32. Qf3 g5 33. Kf2 Kb8 34. Nd6 Qb6 35. Nxb7 Rxb7 36. Ra8+ Kc7 37. R8a6 1-0

[Event "BIH-chT Seniors"]
[Site "Mosko"]
[Date "2015.08.10"]
[Round "1"]
[White "Jefic, Srdjan"]
[Black "Ivanovic, Dragoslav"]
[Result "1/2-1/2"]
[WhiteElo "2203"]
[BlackElo "2165"]
[PlyCount "118"]
[EventDate "2015.08.10"]
[EventType "team-tourn"]
[EventRounds "9"]
[EventCountry "BIH"]
[SourceTitle "EXT 2016"]
[Source "ChessBase"]
[SourceDate "2015.10.08"]
[SourceVersion "1"]
[SourceVersionDate "2015.10.08"]
[SourceQuality "1"]

1. e4 c5 2. Nf3 d6 3. d4 cxd4 4. Nxd4 Nf6 5. Nc3 a6 6. Be3 e5 7. Nb3 Be6 8. f4 Ng4 9. Qf3 Nxe3 10. Qxe3 exf4 11. Qxf4 Nc6 12. 0-0-0 g5 13. Qg3 h5 14. Be2 h4 15. Qd3 Rc8 16. Kb1 Ne5 17. Qd2 Bc4 18. Rhf1 Qc7 19. Bd3 Be7 20. Nd4 Qc5 21. Nf5 Bd8 22. Bxc4 Nxc4 23. Nxd6+ Nxd6 24. Qxd6 Qxd6 25. Rxd6 Bc7 26. Rd5 Bxh2 27. Rxg5 Rc6 28. Rh1 Bb8 29. Rg4 Rg6 30. Rhxh4 Rxh4 31. Rxh4 Rxg2 32. a4 Be5 33. Nd5 Kd7 34. c3 Re2 35. Nb6+ Ke6 36. Nc4 Bf6 37. Rg4 b5 38. axb5 axb5 39. Nb6 b4 40. Nd5 Re1+ 41. Kc2 bxc3 42. bxc3 Be5 43. Rh4 Rf1 44. Rh6+ f6 45. Rh7 Rf3 46. Kb3 Kd6 47. Kb4 Rf1 48. Kc4 Rf3 49. Ra7 Kc6 50. Ra6+ Kd7 51. Kc5 Bxc3 52. Ra7+ Ke8 53. Kd6 Bd4 54. Ra4 Bb2 55. Ke6 Ra3 56. Nxf6+ Kd8 57. Rxa3 Bxa3 58. Nd5 Bb2 59. Nb4 Ke8 1/2-1/2